Quizzes
Events
Quiz Creation
Community
Videos
Private Events
Remove Ads
Sign In
Join for FREE
Feedback
Dark Mode
Quiz Categories
Sports
Geography
Music
Movies
Television
Just For Fun
Miscellaneous
History
Literature
Language
Science
Gaming
Entertainment
Religion
Holiday
For Kids
Quiz Lab
Recent
Popular Today
Quiz Kudos Today
Editor Picks
Curator Picks
Quizzes by...
Day
Popularity
Type
Ratings
Length
Year
Community
Subscriptions
Recent Discussions
Orange Saloon
Badges
Playlists
Quests
Create
Leaderboards
Showdown
Live 5
Trivia Bingo
Activity
Puzzle Library
Sporcle Events
Private Events
Virtual Trivia
Globe League
Become a Host
Pub Owners
SporcleCon
Opinionation
Our Games
Videos
Blog
Mobile Apps
Partnerships
Remove Ads and Go Orange
Feedback
Just For Fun
Clickable
Get the Picture
Humor
Quick Pick
Word Ladder
Missing Word
Mixed Word
Blitz
Minefield
This or That
Alphabet
Color
Typing
Sporcle
Puzzle
Word Play
Follow That Line
Logic
Just For Fun
Clickable
Get the Picture
Humor
Quick Pick
Word Ladder
Missing Word
Mixed Word
Blitz
Minefield
This or That
Alphabet
Color
Typing
Sporcle
Puzzle
Word Play
Follow That Line
Logic
Random Quiz
Search Sporcle
×
Editor Pick
Editor Pick
Just For Fun
Clickable
Select answers by clicking on text or image buttons
Select answers by clicking on text or image buttons
Clickable
Best Score? Go Orange.
There Can Be Only One Stats
Can you pick the words that appear only once, WITHOUT picking any that appear more than once?
By
david6k
7m
10 Questions
2,215 Plays
2,215 Plays
2,215 Plays
Comments
Comments
Give Quiz Kudos
Give Quiz Kudos
-
- Ratings
hide this ad
Minefield
Wrong answers will end the quiz
Wrong answers will end the quiz
Random Order
Randomize order of answers
Randomize order of answers
Replay
Link that replays current quiz
Next Quiz
Link to next quiz in quiz playlist
You Got
0%
They Got
Avg Score
38%
Avg Friend Score
Upgrade to see
Score Distribution
Jump to the score distribution portion of the page
Score
0/10
Timer
07:00
0
Plays Today
% Correct
???
42.2%
???
41.8%
???
41.2%
???
39.7%
???
37.7%
???
37.3%
???
36.4%
???
35.8%
???
35%
???
34.9%
Quiz Playlist
Details
Report
Send in Message
Add To Playlist
Clickable:
Select answers by clicking on text or image buttons
Minefield:
Wrong answers will end the quiz
Random Order:
Randomize order of answers
Last Updated: Feb 16, 2017
Editor Pick in
Just For Fun
Quiz Scoreboard
CHALLENGE
Sign Up to Join the Scoreboard
Show All
Scores
Hide
Comments
May contain spoilers
Recently Published
Movies - When Are They Set?
by FPL_Elf
Movies
5m
Popular People in 1961
by mucciniale
History
6m
1-10 Letter E Words III
by El_Dandy
Language
2m
More to Explore
Quiz From the Vault
Featured Blog Post
Where Did the Easter Bunny Come From?
hide this ad
You Might Also Like...
Tags
Clickable Quiz
Today's Top Quizzes in Just For Fun
Browse Just For Fun
hide this ad
Today's Top Quizzes in Clickable
Browse Clickable
Top Contributed Quizzes in Just For Fun
1
Harry Potter Logic - 'In Chains' II
2
Crossword Whiteout! 49
3
Survivor Winners Logic Puzzle
4
1-30 Clickable Mines
5
Harry Potter Logic Puzzle
6
one piece logic puzzle
7
Thermometer Puzzle 25
8
Zeroing In: Just For Fun
9
Word Ladder: Ahoy Matey
10
Aquarium Logic Puzzle 17
Explore More
Trending Topics
Kpop
NBA
Anime
Crossword
Disney
Marvel
Harry Potter
NFL
Song
Pokémon
WWE
Country
Puzzle
The Office
Soccer
hide this ad
More By:
david6k
Quiz
Plays
Rating
Category
Featured
Created
Literary Cities
37,217
4.60
Literature
Nov 25, 2014
Baby Name Graphs: Girls
31,354
4.65
Miscellaneous
Feb 20, 2014
Games By Box Contents
29,090
4.59
Gaming
Sep 6, 2015
Faces at the 1963 March on Washington
25,731
4.73
History
Jul 2, 2013
American Money In Your Pocket
24,673
4.21
Science
Aug 30, 2013
Go to Creator's Profile
Score Distribution
Quiz Creator Spotlight
david6k
Follow
Send a Message
Quizzes Created
-
Created Quiz Play Count
-
More By This Creator
Popular Quizzes Today
1
Find the Countries of Europe - No Outlines Minefield
2
Find the US States - No Outlines Minefield
3
The Countries of the World
4
Popular People in 1961
5
US States
6
1-10 Letter E Words III
7
Find the US States
8
One Thing in Common: World Cities II
More Just For Fun Quizzes
Word Ladder: Burn for Energy!
Published
Trending Quizzes
Risky Map Clicking: Least Populous States A-Z
1-10 Letter F Words
Humor Books: The Subtitles
1-10 Letter G Words
One Thing in Common: United Kingdom
Recently Updated
Leaping Animals
pecheneg
Reality TV Shows (A-Z)
bhenderson79
Rickey Henderson's Hall of Fame Teammates
pecheneg
Champions League XIs: Arsenal
pecheneg
Quick Pick: Celebrities in WWE's Hall of Fame
aduchscher
A-Z Keypad Blitz II
pecheneg
Multiple Oscar Actors
pecheneg
Mystery Phrase Blitz: Oscar 'Best Actors'
pecheneg
F. Scott Fitzgerald Novels
LTH
Pick 3 Villains
ddd62291
Trending Topics
Anime
Kpop
Marvel
NBA
Harry Potter
Crossword
Disney
NFL
The Office
Country
Puzzle
Song
Pokémon
WWE
Soccer
Your Account Isn't Verified!
In order to create a playlist on Sporcle, you need to verify the email address you used during registration. Go to your
Sporcle Settings
to finish the process.
Report this User
Report this user for behavior that violates our
Community Guidelines
.
Details:
Send Report
Go to the Sporcle.com Mobile Site →
Comments